| 000 | 00917nam a22002537a 4500 | ||
|---|---|---|---|
| 005 | 20131227113113.0 | ||
| 010 | _aENG-108888 | ||
| 020 |
_a9789382816096 _c1150.00 |
||
| 035 | _aEN-92421 | ||
| 037 | _bDBAD/PUB | ||
| 082 | _a361.250954 | ||
| 100 | _a Venkata Rao, P. | ||
| 245 |
_aDevelopment and empowerment understanding the social sphere / _cby P. Venkata Rao |
||
| 260 |
_aNew Delhi _bManglam Publishers and Distributors _c2013 |
||
| 270 |
_aL-21/1, Street No.5, Shivaji Marg, Near Kali Mandir, J.P. Nagar, Kartar Nagar , West Ghonda _bNew Delhi _e110053 |
||
| 300 |
_a443p. _c22cm(Hb) |
||
| 500 | _aContributed articles. | ||
| 500 | _aIncludes bibliographical references. | ||
| 650 |
_aSocial planning _zIndia. |
||
| 650 |
_a Community development _z India. |
||
| 650 |
_aSocial service _zIndia. |
||
| 650 |
_a Women _zIndia _xSocial conditions. |
||
| 942 |
_2ddc _cEN _mVEN _h361.250954 |
||
| 999 |
_c81230 _d81230 |
||